[Event "Nordic Chess Championship 2019"]
[Site "Quality Sarpsborg Hotel"]
[Date "2019.06.27"]
[Round "9"]
[White "Thorn, Eric"]
[Black "Unneland, Mathias"]
[Result "1-0"]
[WhiteElo "2230"]
[BlackElo "1980"]
[PlyCount "61"]
[EventDate "2019.??.??"]

1. d4 Nf6 2. c4 g6 3. Nc3 Bg7 4. e4 d6 5. Nf3 O-O 6. Be2 e5 7. d5 a5 8. Bg5 h6
9. Be3 Ng4 10. Bc1 f5 11. exf5 gxf5 12. g3 Na6 13. Nh4 e4 14. Bxg4 fxg4 15. Be3
Nb4 16. O-O Qf6 17. a3 Na6 18. Nxe4 Qxb2 19. Qd3 Re8 20. Rfe1 Qe5 21. Bd4 Qh5
22. Bxg7 Kxg7 23. Qc3+ Qe5 24. Qxa5 Bd7 25. Qd2 Qh5 26. Re3 b6 27. Rae1 Re5 28.
f4 gxf3 29. Nxf3 Rf5 30. Qc3+ Kf7 31. Nxd6+ 1-0

[Event "Nordic Chess Championship 2019"]
[Site "Quality Sarpsborg Hotel"]
[Date "2019.06.27"]
[Round "9"]
[White "Ptacnikova, Lenka"]
[Black "Kreken, Eivind Grunt"]
[Result "0-1"]
[WhiteElo "2145"]
[BlackElo "1784"]
[PlyCount "98"]
[EventDate "2019.??.??"]

1. c4 c5 2. g3 Nf6 3. Bg2 d5 4. cxd5 Nxd5 5. Nc3 Nc7 6. Nf3 Nc6 7. O-O e5 8. b3
Be7 9. Bb2 Be6 10. Rc1 f6 11. Ne1 Qd7 12. Nd3 O-O 13. f4 Nb4 14. Nxb4 cxb4 15.
Na4 exf4 16. gxf4 Nb5 17. Nc5 Bxc5+ 18. Rxc5 Rfd8 19. f5 Bf7 20. d3 Nc3 21.
Bxc3 bxc3 22. Qe1 Qd4+ 23. Qf2 Qxf2+ 24. Kxf2 Rac8 25. Rxc8 Rxc8 26. Bxb7 Rc5
27. Rc1 Rxf5+ 28. Bf3 Rc5 29. Ke3 Kf8 30. Kd4 Rc7 31. Rxc3 Rxc3 32. Kxc3 Ke7
33. Kb4 Kd6 34. Kb5 Kc7 35. Ka6 Kb8 36. d4 Be6 37. d5 Bd7 38. d6 g5 39. b4 g4
40. Bg2 h5 41. b5 h4 42. b6 axb6 43. Kxb6 f5 44. e3 Ba4 45. Bd5 g3 46. hxg3
hxg3 47. Bb7 Bd7 48. Bg2 Ba4 49. Kc5 Bc2 0-1

[Event "Nordic Chess Championship 2019"]
[Site "Quality Sarpsborg Hotel"]
[Date "2019.06.27"]
[Round "9"]
[White "Dingertz, Erik"]
[Black "Neretljak, Nedzad"]
[Result "0-1"]
[WhiteElo "1969"]
[BlackElo "2114"]
[PlyCount "54"]
[EventDate "2019.??.??"]

1. c4 c5 2. g3 b6 3. Bg2 Nc6 4. Nc3 Bb7 5. d3 g6 6. e4 Bg7 7. f4 Nd4 8. Nge2 d6
9. Be3 Nxe2 10. Qxe2 e6 11. O-O Ne7 12. f5 Nc6 13. fxe6 fxe6 14. Qg4 Qd7 15.
Bh3 Bd4 16. Bxd4 Nxd4 17. Rf6 O-O-O 18. Raf1 Rhe8 19. Qg5 Re7 20. Nd5 Rg7 21.
Nf4 Re8 22. Nxe6 Nxe6 23. Rxe6 Rxe6 24. Rf8+ Kc7 25. Bxe6 Qxe6 26. Qd8+ Kc6 27.
Rf6 Qe7 0-1

[Event "Nordic Chess Championship 2019"]
[Site "Quality Sarpsborg Hotel"]
[Date "2019.06.27"]
[Round "9"]
[White "HÃ¸iom, Jonas"]
[Black "Blauhut, Anna"]
[Result "1-0"]
[WhiteElo "1317"]
[BlackElo "1156"]
[PlyCount "59"]
[EventDate "2019.??.??"]

1. e4 e5 2. Nf3 Nc6 3. d4 exd4 4. Bc4 Bc5 5. c3 dxc3 6. Bxf7+ Kxf7 7. Qd5+ Ke8
8. Qxc5 d6 9. Qxc3 Be6 10. O-O Qf6 11. Bg5 Qxc3 12. Nxc3 h6 13. Bh4 g5 14. Bg3
Rd8 15. Rad1 Nge7 16. e5 d5 17. Nb5 Kd7 18. Nbd4 Bg4 19. Nxc6 Kxc6 20. Rc1+ Kd7
21. e6+ Bxe6 22. Rxc7+ Ke8 23. Rxb7 Rd7 24. Rb8+ Rd8 25. Re1 Rxb8 26. Bxb8 Kd7
27. Ne5+ Kc8 28. Bxa7 Kc7 29. Bc5 Re8 30. b4 1-0